Política Social /
Gespeichert in:
| 1. Verfasser: | |
|---|---|
| Weitere Verfasser: | |
| Format: | Text |
| Veröffentlicht: |
Madrid:
McGraw-Hill
|
| Schlagworte: | |
| Tags: |
Tag hinzufügen
Keine Tags, Fügen Sie den ersten Tag hinzu!
|
MARC
| LEADER | 00000 a a2200000 04500 | ||
|---|---|---|---|
| 001 | 31886 | ||
| 003 | |||
| 040 | |||
| 020 | |a 84-481-1182-6 | ||
| 090 | |a 200402 | ||
| 100 | |a Alemán Bracho, Carmen | ||
| 245 | |a Política Social / |c Carmen Alemán Bracho | ||
| 260 | |a Madrid: |b McGraw-Hill | ||
| 300 | |a 578 p. | ||
| 650 | |a POLITICA SOCIAL | ||
| 650 | |a ESTADO | ||
| 650 | |a BIENESTAR SOCIAL | ||
| 650 | |a IDEOLOGIAS POLITICAS | ||
| 650 | |a IDEOLOGIAS | ||
| 650 | |a CONSERVATISMO | ||
| 650 | |a LIBERALISMO | ||
| 650 | |a SOCIALISMO | ||
| 650 | |a MARXISMO | ||
| 650 | |a FEMINISMO | ||
| 650 | |a SERVICIOS SOCIALES | ||
| 650 | |a SEGURIDAD SOCIAL | ||
| 650 | |a ADMINISTRACION SOCIAL | ||
| 700 | |a coord. |a Garcés Ferrer, Jorge |a coord. | ||
| 999 | |c 12198 |d 12198 | ||



